On organizational learning

Αποθηκεύτηκε σε:
Λεπτομέρειες βιβλιογραφικής εγγραφής
Κύριος συγγραφέας: Argyris, Chris, 1923-2013
Μορφή: Βιβλίο
Γλώσσα:English
Δημοσίευση: Oxford ; Malden, Mass. : Blackwell Business, 1999.
Έκδοση:2nd ed.
Θέματα:
Ετικέτες: Προσθήκη ετικέτας
Δεν υπάρχουν, Καταχωρήστε ετικέτα πρώτοι!

MARC

LEADER 00000cam a2200000 i 4500
001 1/40675
008 140123s1999 enk| ||| |||| ||eng||
020 |a 0631213090   |q (χαρτόδετο) 
035 |l 10116430 
040 |a GR-MyUa  |b gre  |e AACR2 
041 0 |a eng 
082 7 |a 658.3124   |2 (22) 
100 1 |a Argyris, Chris,   |d 1923-2013. 
245 1 0 |a On organizational learning /   |c Chris Argyris.  
250 |a 2nd ed. 
260 |a Oxford ;   |a Malden, Mass. :   |b Blackwell Business,   |c 1999. 
300 |a xv, 464 σ. ;   |c 25 εκ. 
504 |a Περιλαμβάνει βιβλιογραφίες και ευρετήριο.  
650 0 |a Organizational learning. 
650 0 |a Organizational behavior. 
650 0 |a Organizational effectiveness. 
650 0 |a Organizational change. 
852 |a INST  |b SYROS  |e 20140123  |h 658.3124 ARG  |p 005500011286  |q 005500011286  |t BK  |y 0 
901 |a BIBL5-2014-1 
970 |a Κοντού  |b Παρασκευή  |z 23/01/2014